存在しない市(ひらがな) - Statistics

General Stats
  • This quiz has been taken 1,282 times
    1,237 since last reset
  • The average score is 18 of 51
Answers on the Grid
Answers color-coded by a green-red scale on the quiz's grid according to % correct below.
たきがわ市
すながわ市
ふかがわ市
ひろさき市
りくぜんたかだ市
はちまんだいら市
しおがま市
たかじょう市
とよま市
おおさき市
つのだ市
かづの市
せんほく市
おはなざわ市
きたかた市
いたこ市
ちくさい市
ばんどう市
いきかた市
こみたま市
こやま市
もおか市
おおだわら市
しもつけ市
あんなか市
ぎょうた市
かそ市
はぶ市
そうか市
あげお市
さって市
しらおか市
ふなはし市
とうがね市
ふっつ市
よっかいどう市
いんざい市
しろい市
そうさ市
づし市
おぢや市
たいない市
なめりがわ市
うおず市
いみず市
すさか市
かがみがはら市
かいづ市
こせい市
いず市
いなさわ市
ぬまず市
よっかいち市
いか市
こうが市
こなん市
まいはら市
やはた市
きづがわ市
いばらぎ市
とんだばやし市
かたの市
あさご市
ごぜ市
ありた市
やすご市
ごうつ市
いはら市
みまさか市
あさぐち市
えたじま市
ぼうふ市
しもまつ市
さんようおのだ市
こまつしま市
かんおんじ市
やわたはま市
さいよ市
なんこく市
すざき市
のおがた市
いいづか市
ゆくはし市
こごおり市
おぎ市
かんざき市
せいかい市
さんが市
ごうし市
ひた市
さえき市
きつき市
たけだ市
ぶんごたかだ市
くにさき市
さいと市
あくね市
いりのおもて市
たるみ市
とよみぐすく市
 
Answer Stats
Answer % Correct
ひろさき市
78%
すながわ市
70%
ふかがわ市
68%
しおがま市
64%
おおさき市
57%
きたかた市
52%
いたこ市
52%
かづの市
50%
あんなか市
50%
もおか市
48%
しもつけ市
48%
そうか市
48%
あげお市
46%
ふっつ市
46%
ばんどう市
44%
さって市
44%
そうさ市
44%
いんざい市
43%
とうがね市
42%
たいない市
42%
しらおか市
39%
いみず市
39%
おぢや市
37%
しろい市
36%
よっかいち市
33%
いず市
31%
かいづ市
29%
とんだばやし市
28%
こなん市
27%
かたの市
27%
さんようおのだ市
25%
きづがわ市
23%
あさご市
23%
みまさか市
23%
ごうつ市
22%
やわたはま市
22%
いいづか市
21%
えたじま市
20%
かんおんじ市
20%
なんこく市
20%
のおがた市
20%
ひた市
20%
こまつしま市
19%
ゆくはし市
19%
くにさき市
19%
あくね市
19%
おぎ市
18%
かんざき市
18%
きつき市
17%
さいと市
17%
ぶんごたかだ市
12%
No matching quizzes found
Score Distribution
Percent of People with Each Score
Percentile by Number Answered
Your Score History
You have not taken this quiz since the last reset